000 00920nam a2200265 a 4500
001 000039036
003 DO-SdBNP
005 20230601115903.0
007 ta
008 130514s2012 dr 000 0 spa d
020 _a9789945165234
040 _aDO-SdBNP
_bspa
_cBNPHU
_erda
082 4 _222
_bG569d
100 1 _aGómez, José Miguel
_9380
245 1 3 _aEl divorcio inteligente :
_buna alianza entre lo psico emocional y lo social. entre los límites y la libertad. claves para alcanzar la felicidad. /
_cJosé Miguel Gómez.
264 _aSanto Domingo :
_bBúho,
_c2012
300 _a199 páginas ;
_c21 cm.
336 _2rdaconten
_atexto
_btxt
337 _2rdamedia
_asin medición
_bn
338 _2rdacarrier
_avolumen
_bnc
490 _aAutoayuda y Biblioterapia
500 _aIncluye datos biográficos del autor en las solapas de las cubiertas
590 _aInventariado, 2023 / MF
942 _2ddc
_cLBS1
999 _c38526
_d38526